000 00439ntaaa2200181 4500
003 01
005 20251027202105.0
008 0714s1973 ag 01
040 _aAR-BaBN
_bspa
_cAR-BaBN
_eaacr
_dRIC
082 _a252.0000 Sp3
245 _aLaymen speaking
250 _a1 ed.
260 _aNew York :
_bAssociation Press,
_cc1947
300 _a207 p
500 _aMensajes de laĆ­cos
700 _aSpeers, Wallace C
_919395
942 _cBK
999 _c15720
_d15720